| 000 | 00547nam a22001697a 4500 | ||
|---|---|---|---|
| 005 | 20231120082515.0 | ||
| 008 | 231120b |||||||| |||| 00| 0 eng d | ||
| 020 | _a9780639001593 ; 9780639001739 | ||
| 041 | _aEnglish | ||
| 082 | _a343.4 INC | ||
| 100 |
_aLexisNexis editorial staff _lEnglish |
||
| 245 |
_aIncome Tax Legislation / _cLexisNexis editorial staff |
||
| 260 |
_aDurban : _bIncome Tax Legislation, _c2018 |
||
| 300 |
_bvii, 493 pages ; _c25 cm. |
||
| 650 |
_aLegal practice _bLaw |
||
| 942 |
_cBK _6ALISON_BN_VRIES |
||
| 999 |
_c787 _d787 |
||